000 00468nam a22001697a 4500
005 20251108171114.0
008 250721s1970 xx 000 0 ara d
082 1 4 _a937/عبد
100 1 _aعلي، عبد اللطيف
245 1 0 _aمصادر التاريخ الروماني /
264 1 _aعمان :
_bدار النهضة العربية،
_c1970.
300 _a252ص
650 1 7 _aروما
650 1 7 _aالتاريخ
942 _2ddc
_cBK
999 _c56720
_d56720